European countries in order of size - Statistics

General Stats
  • This quiz has been taken 423 times
    421 since last reset
  • The average score is 14 of 16
Answer Stats
Rank Clue Country % Correct
1 The only european country only half in Europe Russia
99%
3 Only main french speaking country in Europe France
98%
4 Largest country on the Iberian peninsula Spain
97%
8 Only polish speaking country in Europe Poland
96%
11 Only finnish apeaking country in the whole world Finland
95%
7 Most powerful country in Europe Germany
95%
2 Lergest in eastern Europe Ukraine
94%
13 Most northern country in Europe Norway
93%
5 Largest country in northern Europe Sweden
93%
10 Most southern country in Europe Greece
91%
6 Largest east mediterranean country Italy
87%
12 Just south of Romania Bulgaria
86%
16 Most western country in Europe Portugal
85%
9 Second largest european country on the black sea Romania
83%
15 The largest land-locked country in Europe Belarus
73%
14 The strongest monarchy in Europe United kingdom
53%
No matching quizzes found
Score Distribution
Percent of People with Each Score
Percentile by Number Answered
Your Score History
You have not taken this quiz since the last reset